LEADER 01644nam0-2200301---450- 001 990005301030403321 005 20140220120417.0 035 $a000530103 035 $aFED01000530103 035 $a(Aleph)000530103FED01 035 $a000530103 100 $a19990604g17011702km-y0itay50------ba 101 0 $alat 102 $aNL 105 $ay-------00--- 200 1 $aThesaurus theologico-philologicus sive Sylloge dissertationum elegantiorum ad selectiora et illustriora Veteris et Novi Testamenti loca; a theologis protestantibus in Germania separatim diversis temporibus conscriptarum. Secundum ordinem utriusque Testamenti librorum digesta 210 $aAmstelaedami : excudunt Henricus & vidua Theod. Boom, Joannes & AEgidius Janssonii a Waesberge, Gerhardus Borstius, Joannes Wolters ; et Ultrajecti :$cGuglielmus van de Water, & Guilielmus Broedelet,$d1701-1702 215 $a2 v.$d40cm 327 1 $a1.: [16], 1078 p. : ill.$a2.: Thesaurus theologico-philologicus, sive Sylloge dissertationum elegantiorum ad selectiora et illustriora Novi Testamenti loca ... - [16], 988, [20] p. : ill. 676 $a220.7 801 0$aIT$bUNINA$gRICA$2UNIMARC 901 $aAQ 912 $a990005301030403321 952 $aSG 200/C 18 (1)$bST.REL. 446$fFLFBC 952 $aSG 200/C 18 (2)$bST.REL. 447$fFLFBC 959 $aFLFBC 996 $aThesaurus theologico-philologicus sive Sylloge dissertationum elegantiorum ad selectiora et illustriora Veteris et Novi Testamenti loca; a theologis protestantibus in Germania separatim diversis temporibus conscriptarum. Secundum ordinem utriusque Testamenti librorum digesta$9537054 997 $aUNINA